000
00368nam a2200145Ia 4500
008
231129s1992||||xx |||||||||||||| ||spa||
020
_a
84-7509-766-9
040
_b
spa
082
_a
321.8 D131d
100
_a
Dahl Robert A
245
0
_a
La democracia y sus criticos
260
_c
1992
264
_a
Paidos
942
_2
ddc
_c
BKS
999
_c
16840
_d
16840